00454nam a2200145 i 450000100060000000300090000600500170001500700030003200800410003510000180007624500980009426000550019230000300024785200310027726131ES-MaACL20230906153406.0t|030107s1951 sp ||||1| spa d1 aArnoux, Paul.10aModernas Aplicaciones de la Electricidad / cpor Paul Arnoux ; Versión española por R. F. aBarcelona : bSintes, c1951 (fGráf. Salvadó) a479 p. : bil. ; c23 cm. aES-MaACLjD-5943 bR.32498